Miasta zawierające brzeg w swojej nazwie - Statystyki

Ogólne statystyki
  • Ten quiz został rozwiązany 131 razy
  • Średni wynik to 3 z 5
Statystyki odpowiedzi
Miasto % Poprawnych
Brzeg
89%
Kołobrzeg
86%
Tarnobrzeg
61%
Brzeg Dolny
52%
Białobrzegi
24%
Nie znaleziono quizów pasujących do podanych kryteriów
Rozkład punktacji
Procent ludzi z każdym wynikiem
Percentyl według liczby udzielonych odpowiedzi
Twoja historia wyników
Nie rozwiązałeś tego quizu